[Event "ESP-ch U18"]
[Site "Salobrena"]
[Date "2023.08.02"]
[Round "5"]
[White "Garrido Diaz, Jose Antonio"]
[Black "Diaz Garcia, Pilar"]
[Result "1-0"]
[WhiteElo "2322"]
[BlackElo "1741"]
[PlyCount "71"]
[EventDate "2023.07.31"]
[EventType "swiss"]
[EventRounds "9"]
[EventCountry "ESP"]
[SourceTitle "CBM 215 Extra"]
[Source "ChessBase"]
[SourceDate "2023.09.30"]
[SourceVersion "1"]
[SourceVersionDate "2023.09.30"]
[SourceQuality "1"]

1. e4 c6 2. d4 d5 3. e5 c5 4. dxc5 e6 5. a3 Bxc5 6. Qg4 Ne7 7. b4 Bb6 8. Bd3 Ng6 9. Nf3 Nc6 10. 0-0 Bc7 11. Re1 0-0 12. Bb2 Qe8 13. b5 Nce7 14. Nbd2 f6 15. Nb3 f5 16. Qb4 h6 17. a4 b6 18. Ba3 Rf7 19. Rad1 Nf8 20. h4 Nd7 21. Qc3 Bd8 22. Nbd4 Nf8 23. Qb3 g6 24. c4 Bb7 25. a5 Rg7 26. a6 Bc8 27. Bxe7 dxc4 28. Bxc4 Rxe7 29. Nc6 Rd7 30. Nfd4 Kf7 31. g3 Bc7 32. h5 Kg7 33. hxg6 Qxg6 34. Qf3 Bxa6 35. bxa6 Re8 36. Nb5 1-0

[Event "Merida World Heritage op 1st"]
[Site "Merida"]
[Date "2021.08.08"]
[Round "9"]
[White "Corbacho Chaves, Oscar"]
[Black "Diaz Garcia, Pilar"]
[Result "0-1"]
[WhiteElo "1870"]
[BlackElo "1591"]
[PlyCount "84"]
[EventDate "2021.08.04"]
[EventType "swiss"]
[EventRounds "9"]
[EventCountry "ESP"]
[SourceTitle "EXT 2023"]
[Source "ChessBase"]
[SourceDate "2022.10.05"]
[SourceVersion "1"]
[SourceVersionDate "2022.10.05"]
[SourceQuality "1"]

1. e4 c6 2. d4 d5 3. e5 Bf5 4. h4 h5 5. Bg5 Qb6 6. Bd3 Qxd4 7. Nf3 Qg4 8. 0-0 Bxd3 9. Qxd3 e6 10. Nbd2 Be7 11. Bxe7 Nxe7 12. Qa3 Nd7 13. c4 c5 14. Qb3 Rb8 15. Rfe1 0-0 16. cxd5 exd5 17. g3 Qf5 18. Qa4 Nc6 19. Qb3 Nb6 20. a4 Nb4 21. Re2 Rfe8 22. Rd1 Nd7 23. Qe3 Re6 24. Qf4 Qxf4 25. gxf4 Rg6+ 26. Kf1 Rg4 27. f5 Re8 28. e6 fxe6 29. Rxe6 Rf8 30. Rd6 Nf6 31. Re1 Nc6 32. Nb3 Rf4 33. Kg2 Rxf5 34. Nxc5 Ne8 35. Rd7 Rxf3 36. Rxe8 Rxe8 37. Kxf3 Ne5+ 38. Kf4 Nxd7 39. Nxd7 Re4+ 40. Kg5 Rxa4 41. Kxh5 Rf4 42. Nc5 Rxf2 0-1

[Event "Merida World Heritage op 1st"]
[Site "Merida"]
[Date "2021.08.05"]
[Round "2"]
[White "Diaz Garcia, Pilar"]
[Black "Ribeiro, Margarida"]
[Result "1-0"]
[WhiteElo "1591"]
[BlackElo "1125"]
[PlyCount "79"]
[EventDate "2021.08.04"]
[EventType "swiss"]
[EventRounds "9"]
[EventCountry "ESP"]
[SourceTitle "EXT 2023"]
[Source "ChessBase"]
[SourceDate "2022.10.05"]
[SourceVersion "1"]
[SourceVersionDate "2022.10.05"]
[SourceQuality "1"]

1. d4 d5 2. c4 Nf6 3. Nf3 Nc6 4. e3 Bg4 5. Bd3 e5 6. dxe5 Nxe5 7. Qa4+ c6 8. Nxe5 Bd7 9. 0-0 Bd6 10. Nxd7 Nxd7 11. f4 Nb6 12. Qc2 g6 13. c5 Bc7 14. cxb6 axb6 15. Qc3 0-0 16. b3 f6 17. Nd2 b5 18. Nf3 Ba5 19. b4 Bb6 20. Nd4 Qd6 21. Rf3 Qd7 22. Bb2 Bd8 23. f5 g5 24. Ne6 Qe7 25. Nxf8 Qxf8 26. a3 Qh6 27. Rh3 Qf8 28. Qd2 Bc7 29. Qe2 Qe7 30. Qh5 Re8 31. Re1 Qd6 32. Qxh7+ Kf8 33. Qg6 Ke7 34. Rh7+ Kd8 35. Bxf6+ Re7 36. Bxe7+ Qxe7 37. Rxe7 Kxe7 38. f6+ Kd7 39. Bf5+ Kd8 40. Qg8# 1-0

[Event "ESP-ch U16"]
[Site "Salobrena"]
[Date "2021.07.19"]
[Round "1"]
[White "Diaz Garcia, Pilar"]
[Black "Serrano Ruiz, Lope"]
[Result "0-1"]
[WhiteElo "1623"]
[BlackElo "2024"]
[PlyCount "70"]
[EventDate "2021.07.19"]
[EventType "swiss"]
[EventRounds "9"]
[EventCountry "ESP"]
[SourceTitle "EXT 2022"]
[Source "ChessBase"]
[SourceDate "2021.10.06"]
[SourceVersion "1"]
[SourceVersionDate "2021.10.06"]
[SourceQuality "1"]

1. Nf3 Nc6 2. d4 d5 3. c4 e5 4. dxe5 d4 5. Nbd2 Nge7 6. Nb3 Nf5 7. a3 a5 8. Bf4 Be6 9. Rc1 Be7 10. h3 h5 11. Qd2 a4 12. Na1 Na5 13. Qd3 g5 14. Bd2 Nc6 15. Nc2 f6 16. exf6 Bxf6 17. Qe4 Kf7 18. Nb4 Nd6 19. Nxc6 Nxe4 20. Nxd8+ Raxd8 21. Bb4 c5 22. Ba5 Rc8 23. Nd2 Nd6 24. f3 b6 25. Bxb6 Rc6 26. Ba5 Ra8 27. b4 axb3 28. Nxb3 Bxc4 29. Nd2 Bd5 30. Bb4 cxb4 31. Rxc6 Bxc6 32. axb4 d3 33. exd3 Ra1+ 34. Ke2 Nf5 35. Rh2 Ng3+ 0-1

[Event "ESP-chT Regional U16"]
[Site "Gijon"]
[Date "2021.06.20"]
[Round "6.2"]
[White "Diaz Garcia, Pilar"]
[Black "Gonzalez Guijas, Sergio"]
[Result "1/2-1/2"]
[WhiteElo "1664"]
[BlackElo "1386"]
[PlyCount "97"]
[EventDate "2021.06.17"]
[EventType "team-swiss"]
[EventRounds "6"]
[EventCountry "ESP"]
[SourceTitle "EXT 2022"]
[Source "ChessBase"]
[SourceDate "2021.10.06"]
[SourceVersion "1"]
[SourceVersionDate "2021.10.06"]
[SourceQuality "1"]
[WhiteTeam "Extremadura U16"]
[BlackTeam "Castilla y Leon U16"]
[WhiteTeamCountry "ESP"]
[BlackTeamCountry "ESP"]

1. d4 d5 2. Nf3 Bf5 3. e3 e6 4. Bd3 Bxd3 5. Qxd3 Nd7 6. b3 Ngf6 7. Bb2 Bd6 8. Nbd2 0-0 9. 0-0 c5 10. Ne5 Qc7 11. f4 Rac8 12. c4 cxd4 13. exd4 b6 14. Rf3 Rfd8 15. Rc1 Qb7 16. Re1 dxc4 17. bxc4 Nc5 18. Qe2 Na4 19. Ba1 Bb4 20. Rb1 Bxd2 21. Qxd2 Nc5 22. Qe1 Nce4 23. Rh3 Qa6 24. Qe2 Nd6 25. Rc1 Nf5 26. Rd3 Nd5 27. Rf3 Nb4 28. a3 Nc6 29. Nxc6 Rxc6 30. Rh3 h6 31. g4 Nxd4 32. Qd3 Rcd6 33. g5 Nf5 34. Qe2 Rd2 35. Qh5 Qb7 36. Qg4 R8d3 37. Rxd3 Rxd3 38. gxh6 Qc7 39. Bxg7 Kh7 40. c5 bxc5 41. Be5 Qb6 42. Qh5 c4+ 43. Kf1 Ne3+ 44. Ke2 Qb7 45. Rg1 Ng2 46. Kf1 Ne3+ 47. Ke2 Ng2 48. Kf1 Ne3+ 49. Ke2 1/2-1/2

[Event "ESP-ch U14"]
[Site "Salobrena"]
[Date "2020.08.08"]
[Round "9"]
[White "Diaz Garcia, Pilar"]
[Black "Moll Pons, Jana"]
[Result "0-1"]
[WhiteElo "1559"]
[BlackElo "1744"]
[PlyCount "124"]
[EventDate "2020.08.03"]
[EventType "swiss"]
[EventRounds "9"]
[EventCountry "ESP"]
[SourceTitle "EXT 2021"]
[Source "ChessBase"]
[SourceDate "2020.10.23"]
[SourceVersion "1"]
[SourceVersionDate "2020.10.23"]
[SourceQuality "1"]

1. d4 Nf6 2. Nf3 d5 3. e3 c5 4. b3 cxd4 5. exd4 Nc6 6. Bb2 Bg4 7. Be2 e6 8. 0-0 Bd6 9. Nbd2 0-0 10. Ne5 Bxe2 11. Qxe2 Qc7 12. Ndf3 Ne4 13. c4 Nxe5 14. Nxe5 Nf6 15. Rac1 Qa5 16. Bc3 Bb4 17. Bxb4 Qxb4 18. f3 Rfc8 19. Nd3 Qb6 20. c5 Qb5 21. Qe3 a5 22. Rc3 b6 23. Rfc1 Nd7 24. c6 Nb8 25. a4 Qa6 26. Ne5 Rc7 27. Qf4 Qa7 28. Qh4 Na6 29. Qf4 Nb4 30. Nd3 Na2 31. R1c2 Nxc3 32. Rxc3 Rac8 33. Qd6 Qa6 34. Kf2 b5 35. Ne5 bxa4 36. bxa4 Qb6 37. Ke3 Qb2 38. Kd3 Qb1+ 39. Kd2 Qa2+ 40. Kd3 Qxa4 41. Ke3 Qb4 42. Qxb4 axb4 43. Rb3 Rb8 44. Nd7 Rb5 45. Kd3 Rxc6 46. Nc5 e5 47. Nd7 exd4 48. Kxd4 Rc4+ 49. Ke5 d4+ 50. Kd6 Rc3 51. Rb1 d3 52. Re1 g6 53. Nf6+ Kg7 54. Ne8+ Kh6 55. Re4 d2 56. Rd4 Rc2 57. g4 b3 58. h4 Rb6+ 59. Kd5 g5 60. hxg5+ Kg6 61. f4 b2 62. Nd6 Rxd6+ 0-1

[Event "ESP-ch U14"]
[Site "Salobrena"]
[Date "2020.08.07"]
[Round "7"]
[White "Romeu Viladot, Emili"]
[Black "Diaz Garcia, Pilar"]
[Result "0-1"]
[WhiteElo "1723"]
[BlackElo "1559"]
[PlyCount "160"]
[EventDate "2020.08.03"]
[EventType "swiss"]
[EventRounds "9"]
[EventCountry "ESP"]
[SourceTitle "EXT 2021"]
[Source "ChessBase"]
[SourceDate "2020.10.23"]
[SourceVersion "1"]
[SourceVersionDate "2020.10.23"]
[SourceQuality "1"]

1. d4 Nf6 2. c4 g6 3. Nc3 d5 4. cxd5 Nxd5 5. e4 Nxc3 6. bxc3 Bg7 7. Bc4 c5 8. Ne2 0-0 9. Be3 Nc6 10. 0-0 Qc7 11. Rc1 Rd8 12. f3 Na5 13. Bd3 b6 14. Qd2 Be6 15. Bf4 Qb7 16. e5 Nc4 17. Qc2 Rac8 18. Be4 Bd5 19. Bxd5 Rxd5 20. Qe4 Qc6 21. Kh1 e6 22. Qc2 h6 23. Qb3 b5 24. a4 a6 25. axb5 axb5 26. Rb1 Rb8 27. Rfd1 g5 28. Bc1 Bf8 29. f4 Be7 30. Qc2 Nb6 31. f5 exf5 32. Qxf5 c4 33. Rf1 Qe6 34. Ng3 Na4 35. Ne4 b4 36. cxb4 Qxf5 37. Rxf5 Rxd4 38. Nf2 Rxb4 39. Rxb4 Bxb4 40. g3 Rd5 41. Kg2 Nc5 42. Kf3 Ne6 43. Ke4 Rd4+ 44. Ke3 Bc5 45. Ke2 Rd7 46. Bb2 Bd4 47. Bc1 Ra7 48. Ne4 Ra2+ 49. Kd1 Rxh2 50. Nf6+ Kh8 51. Ng4 Rh1+ 52. Kc2 Kg7 53. Rf6 h5 54. Nh6 Rh2+ 55. Kb1 Bxe5 56. Rxf7+ Kxh6 57. Re7 Bxg3 58. Rxe6+ Kg7 59. Bxg5 c3 60. Rc6 Be5 61. Bc1 h4 62. Rc4 h3 63. Rg4+ Kf7 64. Rg1 Re2 65. Rf1+ Ke6 66. Bf4 Bxf4 67. Rxf4 Re1+ 68. Kc2 h2 69. Rf8 h1Q 70. Re8+ Kd7 71. Rb8 Qh2+ 72. Kd3 Qxb8 73. Kc2 Qb1+ 74. Kxc3 Re3+ 75. Kd4 Qd3+ 76. Kc5 Qd6+ 77. Kc4 Re4+ 78. Kc3 Qg3+ 79. Kd2 Rf4 80. Kd1 Rf2 0-1